LEADER 01430nam a2200337 a 4500 001 000000138251 003 CaOOAMICUS 005 20140430101153.0 008 140430s2014 it u000 u ita r 020 $a978-88-13-30867-4 040 $aPUL$bita 082 04$a348 245 03$aIl contratto preliminare /$ca cura di Giovanni Capo, Antonio Musio, Gelsomina Salito. 260 $aPadova :$bCEDAM,$c2014. 300 $aXXIV, 1093 p. ;$c22 cm 490 1 $aIl diritto applicato. I grandi temi 500 $aSulla cop.: Disponibile anche in e-book. 504 $aInclude riferimenti bibliografici ed indice. 650 4$aContratti$xDiritto privato$zItalia.$0(OLS)http://pul/subject/40444 700 1 $aSalito, Gelsomina.$0(OLS)http://pul/name/85145 700 1 $aMusio, Antonio.$0(OLS)http://pul/name/66295 700 1 $aCapo, Giovanni.$0(OLS)http://pul/name/77100 830 3$aIl diritto applicato. I grandi temi.$0(OLS)http://pul/title/137455 850 $aPUL 852 $aPUL$W1$xSL Diritto e Scienze Sociali 3$y79$m348 COLL 2.2$j159422$qDDC 21$B158974$CPULBib$Z2$F158974 $H123857 $82 941 1 $a9 996 $6020$a978-88-13-30867-4$9(OLS)http://pul/number/155114 996 $6082$a348$9(OLS)http://pul/classification/2532 996 $6245$aIl contratto preliminare$9(OLS)http://pul/title/135351 996 $6260$aPadova :$bCEDAM$9(OLS)http://pul/publisher/48126 LEADER 01153cam a2200289 a 4500 001 000000154047 003 CaOOAMICUS 005 20160919122134.0 008 160919s1985 it u000 u ita u 032 $aLibriCat 040 $aPUL$bita 041 1 $aita$hfre 100 1 $aRivoire, Jean.$0(OLS)http://pul/name/98058 240 14$aLes banques dans le monde.$lItaliano.$0(OLS)http://pul/title/193622 245 13$aLe banche nel mondo /$cJean Rivoire. 260 $aNapoli :$bEdizioni scientifiche italiane,$c1985. 300 $a131 p. ;$c17 cm. 490 1 $aEsi / Che so? ;$v11 650 4$aBanche e gestione bancaria$ySec. XX.$0(OLS)http://pul/subject/23558 650 4$aEconomia$xStoria.$0(OLS)http://pul/subject/7360 830 0$aEsi / Che so? ;$v11.$0(OLS)http://pul/title/76158 850 $aPUL 852 $aPUL$W1$xDP1 Fondo G. Barberini$y122$m4 E 57$j177060$qFondi$B180023$CPULBib$Z2$F180023 $HBar515 $81 941 1 $a1 996 $6245$aLe banche nel mondo$9(OLS)http://pul/title/193623 996 $6260$aNapoli :$bEdizioni scientifiche italiane$9(OLS)http://pul/publisher/48388 LEADER 01241nam a2200301 a 4500 001 000000129567 003 CaOOAMICUS 005 20120706112355.0 008 120706s2002 it u000 u ita r 020 $a88-10-40158-1 040 $aPUL$bita 082 04$a238 245 00$aDio Padre Creatore :$bl'inizio della Fede /$ca cura di Giovanni Giorgio. 260 $aBologna :$bEDB,$cİ2002. 300 $aX, 371 p. , [12] c. di tav. :$bill. ;$c21 cm. 490 1 $aBiblioteca di ricerche teologiche ;$v2 504 $aBibliografia in nota. 650 4$aFede e cultura.$0(OLS)http://pul/subject/22984 700 1 $aGiorgio, Giovanni,$csacerdote,$d1961-$0(OLS)http://pul/name/31222 830 0$aBiblioteca di ricerche teologiche ;$v2.$0(OLS)http://pul/title/132677 850 $aPUL 852 $aPUL$W1$xSL Religione 3$y85$m238 GIOGI 2$j150056$qDDC 21$q $B148580$CPULBib$Z2$F148580 $H120314 $81 941 1 $a9 996 $6020$a88-10-40158-1$9(OLS)http://pul/number/150208 996 $6082$a238$9(OLS)http://pul/classification/2326 996 $6245$aDio Padre Creatore :$bl'inizio della Fede$9(OLS)http://pul/title/163739 996 $6260$aBologna :$bEDB$9(OLS)http://pul/publisher/56073